|
|
|
|
| LEADER |
00000nam a2200000 a 4500 |
| 001 |
UCX9503 |
| 003 |
CL-VaPUC |
| 008 |
940610e19930000CL |||||||||||||||||spa|d |
| 082 |
0 |
4 |
|a 338.983
|b MOL
|2 21
|
| 100 |
|
|
|a Molina Silva, Sergio
|e autor
|9 511038
|
| 245 |
1 |
0 |
|a Abriendo caminos
|
| 300 |
|
|
|a 286 p
|
| 942 |
|
|
|c BK
|
| 945 |
|
|
|d 19940610 00:00:00
|a rbrito
|
| 260 |
|
|
|a Santiago
|b CINDE
|c 1993
|
| 650 |
|
7 |
|a ECONOMIA 1990-1993
|2 CL-VaPUC
|9 326917
|
| 650 |
|
7 |
|a POLITICA ECONOMICA 1990-
|2 CL-VaPUC
|9 326918
|
| 651 |
|
7 |
|a CHILE
|2 CL-VaPUC
|9 326919
|
| 583 |
|
|
|a last modification
|c 19940610 00:00:00
|k Rodrigo Vera
|
| 999 |
|
|
|c 228719
|d 228717
|
| 952 |
|
|
|0 0
|1 0
|4 0
|6 338_983000000000000_MOL_1993
|7 0
|8 A
|9 229095
|a BIBGIM
|b BIBGIM
|d 2019-11-15
|i 2977109
|o 338.983 MOL 1993
|p 2977109
|r 2025-01-15
|w 2019-11-15
|y BK
|k SSL
|